00810cam a22002653a 45000010005000000030006000050050017000110080041000280400015000690420007000840500007000911000039000982450076001372600029002135060030002425160020002726530030002926530032003226530021003548300028003758560041004039420007004449990019004519520074004704905PGUSA20140828083111.0060606s2006||||xxu|||||s|||||000 1 eng d aPGUSAbeng adc 4aPS1 aLincoln, Joseph Crosby,d1870-194410aGalusha the Magnificenth[electronic resource] /cJoseph Crosby Lincoln bProject Gutenberg,c2006 aPublic domain in the USA. aElectronic text aArchaeologists -- Fiction aCape Cod (Mass.) -- Fiction aHumorous stories 0aProject Gutenbergv490540uhttp://www.gutenberg.org/ebooks/4905 cEB c234234d234234 001040aGTBbGTBd2014-08-28l0r2014-08-28 00:00:00w2014-08-28yEB